Statistics for Countries With the Most Languages

Click here to take the quiz!

General Stats

  • This quiz has been taken 67,738 times
    (65,243 since last reset)
  • The average score is 13 of 20

Answer Stats

#Country% Correct
302China
96%
334United States
94%
455India
93%
156Russia
91%
228Brazil
88%
710Indonesia
83%
292Mexico
82%
194Canada
82%
250Australia
77%
213D.R. Congo
70%
526Nigeria
67%
145Malaysia
65%
841Papua New Guinea
63%
191Philippines
61%
126Tanzania
44%
118Myanmar
40%
132Chad
39%
278Cameroon
30%
125Nepal
30%
117Vanuatu
12%

Score Distribution

Percentile by Number Answered

Percent of People with Each Score

Your Score History

You have not taken this quiz since the last reset